[Event "XXVII RUS-chT Women 2020"]
[Site "Sochi"]
[Date "2020.11.22"]
[Round "4.9"]
[White "Vasilevich, Tatjana"]
[Black "Zherebtsova, Alexandra"]
[Result "1/2-1/2"]
[WhiteElo "2353"]
[BlackElo "2204"]
[Annotator "NA"]
[PlyCount "82"]
[EventDate "2020.11.19"]
[EventType "team-tourn"]
[EventCountry "RUS"]
[SourceTitle "playchess.com"]
[Source "ChessBase"]
[SourceQuality "1"]
[TimeControl "40/5400+30:1800+30"]

1. d4 {[%emt 0:00:00]} Nf6 {[%emt 0:00:00]} 2. Nf3 {[%emt 0:00:17]} g6 {[%emt 0:00:08]} 3. c4 {[%emt 0:00:18]} Bg7 {[%emt 0:00:28]} 4. Nc3 {[%emt 0:00:15]} d5 {[%emt 0:00:06]} 5. cxd5 {[%emt 0:03:30]} Nxd5 {[%emt 0:00:02]} 6. Bd2 {[%emt 0:02:19]} Nb6 {[%emt 0:01:56]} 7. Bf4 {[%emt 0:01:33]} c5 {[%emt 0:18:02]} 8. e4 {[%emt 0:12:19]} cxd4 {[%emt 0:13:21]} 9. Nb5 {[%emt 0:00:19]} Na6 {[%emt 0:01:15]} 10. Nbxd4 {[%emt 0:00:53]} O-O {[%emt 0:02:00]} 11. Be3 {[%emt 0:11:45]} Bg4 {[%emt 0:09:37]} 12. Be2 {[%emt 0:09:17]} Rc8 {[%emt 0:18:12]} 13. O-O {[%emt 0:14:56]} Nc4 {[%emt 0:02:26]} 14. Rb1 {[%emt 0:08:13]} Nxe3 {[%emt 0:01:09]} 15. fxe3 {[%emt 0:00:02]} Nc5 {[%emt 0:03:39]} 16. h3 $17 {[%emt 0:01:53]} Bd7 {[%emt 0:02:11]} 17. Nd2 {[%emt 0:04:27]} Ba4 {[%emt 0:03:52]} 18. N4b3 {[%emt 0:00:24]} Nxb3 {[%emt 0:02:58]} 19. axb3 {[%emt 0:01:20]} Bc6 {[%emt 0:00:52]} 20. b4 {[%emt 0:01:51]} Qd7 {[%emt 0:03:21]} 21. Bg4 {[%emt 0:08:03]} e6 {[%emt 0:00:26]} 22. Nc4 {[%emt 0:01:13]} Qxd1 {[%emt 0:07:50]} 23. Rbxd1 {[%emt 0:00:34]} Ba4 {[%emt 0:01:15]} 24. Rc1 {[%emt 0:00:52]} Rfd8 {[%emt 0:02:43]} 25. Na5 {[%emt 0:09:46]} Bb5 {[%emt 0:02:49]} 26. Rfd1 {[%emt 0:01:20]} Rxd1+ {[%emt 0:01:20]} 27. Rxd1 {[%emt 0:00:04]} b6 {[%emt 0:00:14]} 28. Nb7 {[%emt 0:00:25]} Bc6 {[%emt 0:01:06]} 29. Nd8 {[%emt 0:00:39]} Bxe4 {[%emt 0:00:36]} 30. Nxe6 {[%emt 0:00:39]} h5 {[%emt 0:00:27]} 31. Ng5 {[%emt 0:00:54]} hxg4 {[%emt 0:00:23]} 32. Nxe4 {[%emt 0:00:02]} gxh3 {[%emt 0:00:12]} 33. gxh3 {[%emt 0:00:09]} Bxb2 {[%emt 0:00:24]} 34. Rd7 {[%emt 0:00:13]} Rc4 {[%emt 0:01:03]} 35. Nd6 {[%emt 0:01:04]} Rxb4 {[%emt 0:00:16]} 36. Rxa7 {[%emt 0:00:14]} f6 {[%emt 0:00:22]} 37. Nc8 {[%emt 0:00:23]} Bc1 {[%emt 0:00:51]} 38. Ne7+ {[%emt 0:00:10]} Kf8 {[%emt 0:00:10]} 39. Nxg6+ {[%emt 0:00:17]} Ke8 {[%emt 0:00:14]} 40. Re7+ {[%emt 0:00:00]} Kd8 {[%emt 0:00:00]} 41. Re6 {[%emt 0:03:09]} Kd7 {[%emt 0:04:56]} 1/2-1/2

[Event "XXVII RUS-chT Women 2020"]
[Site "Sochi"]
[Date "2020.11.22"]
[Round "4.10"]
[White "Doroshenko, Diana"]
[Black "Gritsayeva, Oksana"]
[Result "0-1"]
[WhiteElo "2204"]
[BlackElo "2351"]
[Annotator "TA"]
[PlyCount "54"]
[EventDate "2020.11.19"]
[EventType "team-tourn"]
[EventCountry "RUS"]
[SourceTitle "playchess.com"]
[Source "ChessBase"]
[SourceQuality "1"]

{[%evp 10,54,11,-21,-12,-8,9,0,9,-25,-23,-23,-40,-38,-22,-16,8,-146,-121,-169,-85,-150,-118,-233,-238,-229,-237,-227,-114,-551,-527,-612,-596,-591,-462,-462,-462,-459,-459,-444,-458,-435,-430,-421,-423,-396,-401]} 1. c4 g6 2. Nc3 Bg7 3. Nf3 c5 4. d4 cxd4 5. Nxd4 Nc6 6. Nb3 Bxc3+ {A35: Symmetrical English: 2 Nc3 Nc6 3 Nf3.} 7. bxc3 f5 8. h4 {[#]} Nf6 $146 {The position is equal.} ({Predecessor:} 8... h6 9. g3 Nf6 10. Bg2 d6 11. O-O Be6 12. Nd4 Bd7 13. Rb1 Na5 14. c5 dxc5 {1-0 (45) Testor,S (2262)-Hoy,B (2225) Bayern 2013}) 9. Bh6 Kf7 10. c5 b6 11. g3 bxc5 12. Nxc5 Qa5 13. Qb3+ $2 (13. Nb3 $1 $11 Qxc3+ 14. Bd2) 13... e6 $1 $17 14. Nd3 Rb8 (14... Ba6 $1 $19 {[%cal Ra6d3] ...Bxd3 is the strong threat.} 15. Nb4 Rhb8) 15. Qc2 ({White should try} 15. Qd1) 15... Nd4 16. Qc1 (16. Qd2 $17 Nb3 17. Qb2 {[%mdl 64] Pin}) 16... Bb7 $19 17. f3 Rhc8 18. Bd2 {[#]} Ba6 ({Better is} 18... Bxf3 $1 $19 {[%mdl 512]} 19. cxd4 (19. exf3 Nxf3+) 19... Rxc1+ 20. Rxc1 {[#]} Qxd2+ $1 {[%mdl 512]} 21. Kxd2 Bxh1) 19. Kf2 $2 {[%mdl 8192] This move loses the game for White.} (19. c4 $17 {was the crucial defense.} Qc7 20. Kf2) 19... Bxd3 20. exd3 {[#]} Nxf3 $1 {[%mdl 512]} 21. Be2 (21. Kxf3 Qd5+) 21... Nxd2 22. Qxd2 Qxc3 23. Qxc3 Rxc3 24. Rhc1 Rxc1 25. Rxc1 Rb2 26. a4 Ra2 27. Rc4 Nd5 {Weighted Error Value: White=0.54/Black=0.23} 0-1

[Event "XXVII RUS-chT Women 2020"]
[Site "Sochi"]
[Date "2020.11.22"]
[Round "4.11"]
[White "Tomilova, Elena"]
[Black "Khokhlova, Daria"]
[Result "1/2-1/2"]
[WhiteElo "2358"]
[BlackElo "2196"]
[Annotator "TA"]
[PlyCount "43"]
[EventDate "2020.11.19"]
[EventType "team-tourn"]
[EventCountry "RUS"]
[SourceTitle "playchess.com"]
[Source "ChessBase"]
[SourceQuality "1"]

{[%evp 24,43,28,23,57,60,55,58,79,-13,0,-8,4,-10,0,0,0,-13,0,0,0,0]} 1. c4 e5 2. g3 Nf6 3. Bg2 d5 4. cxd5 Nxd5 5. Nf3 Nc6 6. O-O Be7 7. Nc3 Nb6 8. a3 O-O 9. b4 a6 10. d3 Be6 11. Bb2 f6 12. Rc1 Qd7 13. Ne4 Bd5 {A29: English Opening: Four Knights Variation with 4 g3.} 14. Nc5 Bxc5 {[#]} 15. bxc5 $146 ({Predecessor:} 15. Rxc5 Ne7 16. Qc2 Rfc8 17. Rc1 c6 18. e4 Bf7 19. d4 exd4 20. Bxd4 Re8 21. Rc3 {½-½ (53) Engel,R (1872)-Sabirov,R (2094) Willingen 2017}) 15... Nc8 $1 {White is slightly better.} 16. Qa4 (16. e4 $16 Be6 17. d4 exd4 18. Nxd4) 16... Rd8 {The position is equal.} 17. Rfd1 N8e7 18. Rb1 Ba2 19. Ra1 Bd5 20. Rab1 Ba2 21. Ra1 Bd5 22. Rab1 {Weighted Error Value: White=0.21/Black=0.08} 1/2-1/2

[Event "XXVII RUS-chT Women 2020"]
[Site "Sochi"]
[Date "2020.11.22"]
[Round "4.12"]
[White "Mukhina, Jana"]
[Black "Potapova, Margarita"]
[Result "1/2-1/2"]
[WhiteElo "2012"]
[BlackElo "2266"]
[Annotator "NA"]
[PlyCount "80"]
[EventDate "2020.11.19"]
[EventType "team-tourn"]
[EventCountry "RUS"]
[SourceTitle "playchess.com"]
[Source "ChessBase"]
[SourceQuality "1"]
[TimeControl "40/5400+30:1800+30"]

1. e4 {[%emt 0:00:00]} c5 {[%emt 0:00:00]} 2. Nf3 {[%emt 0:00:00]} d6 {[%emt 0:00:00]} 3. Bb5+ {[%emt 0:00:00]} Nd7 {[%emt 0:00:00]} 4. d4 {[%emt 0:00:06]} cxd4 {[%emt 0:00:00]} 5. Qxd4 {[%emt 0:00:10]} a6 {[%emt 0:00:00]} 6. Bxd7+ {[%emt 0:00:04]} Bxd7 {[%emt 0:00:00]} 7. c4 {[%emt 0:00:14]} b5 {[%emt 0:01:07]} 8. Nc3 {[%emt 0:00:33]} e5 {[%emt 0:00:09]} 9. Qd3 {[%emt 0:00:09]} bxc4 {[%emt 0:00:09]} 10. Qxc4 {[%emt 0:00:03]} Be6 {[%emt 0:01:06]} 11. Qc6+ {[%emt 0:00:20] The main line 11.Qc6+ scores better than 11.Qd3.} Bd7 {[%emt 0:00:09]} 12. Qc4 {[%emt 0:00:06]} h6 {[%emt 0:23:46] [#]} 13. Nd2 $146 {[%emt 0:04:45]} ({Predecessor (2):} 13. O-O Nf6 14. Qd3 Be7 15. Nd2 O-O 16. Nc4 Bb5 17. Nxb5 axb5 18. Ne3 Qb6 19. Nf5 Rfe8 20. Bxh6 g6 21. Nxe7+ Rxe7 {1-0 (30) Khairullin,I (2658)-Khismatullin,D (2658) Khanty-Mansiysk 2013}) 13... Nf6 {[%emt 0:01:52]} 14. Nf1 {[%emt 0:02:38]} Be6 {[%emt 0:00:15]} 15. Qc6+ {[%emt 0:00:20]} Bd7 {[%emt 0:00:36]} 16. Qc4 {[%emt 0:00:08]} Qb6 {[%emt 0:07:22]} 17. Ne3 {[%emt 0:06:00]} Rc8 {[%emt 0:00:56]} 18. Qe2 {[%emt 0:03:16]} Be6 {[%emt 0:05:10]} 19. O-O {[%emt 0:00:59]} Be7 {[%emt 0:00:21]} 20. Rd1 $11 {[%emt 0:04:01]} O-O {[%emt 0:00:54]} 21. Ned5 {[%emt 0:24:06]} Nxd5 {[%emt 0:01:23]} 22. Nxd5 {[%emt 0:00:05]} Bxd5 {[%emt 0:00:19]} 23. Rxd5 {[%emt 0:00:56]} Qb4 {[%emt 0:01:23]} 24. b3 {[%emt 0:35:48]} Rc2 {[%emt 0:19:32]} 25. Qxa6 {[%emt 0:12:37]} Qxe4 {[%emt 0:06:59]} 26. Qd3 {[%emt 0:02:18]} Qe1+ {[%emt 0:03:28]} 27. Qf1 {[%emt 0:00:01]} Qc3 {[%emt 0:00:20]} 28. Ba3 {[%emt 0:01:57]} Ra8 {[%emt 0:03:30]} 29. Rd3 {[%emt 0:01:52]} Qc6 {[%emt 0:01:12]} 30. b4 {[%emt 0:00:13]} Qc4 {[%emt 0:04:02]} 31. Rb3 {[%emt 0:00:21]} Qd4 {[%emt 0:02:46]} 32. Rd1 {[%emt 0:00:47]} Qb6 {[%emt 0:00:28]} 33. b5 {[%emt 0:00:58]} Rxa2 {[%emt 0:00:48]} 34. Bc1 {[%emt 0:00:20]} Qb7 {[%emt 0:02:33]} 35. Qd3 {[%emt 0:00:45]} Rc8 {[%emt 0:01:48]} 36. Be3 {[%emt 0:00:31]} d5 {[%emt 0:00:45]} 37. Qf5 {[%emt 0:00:09]} d4 {[%emt 0:02:00]} 38. Bxh6 {[%emt 0:00:39]} Rc3 {[%emt 0:09:20]} 39. Rxc3 {[%emt 0:00:33]} dxc3 {[%emt 0:00:06]} 40. Qg4 {[%emt 0:00:00]} g6 {[%emt 0:00:00]} 1/2-1/2

[Event "XXVII RUS-chT Women 2020"]
[Site "Sochi"]
[Date "2020.11.22"]
[Round "4.13"]
[White "Afonasieva, Anna"]
[Black "Shafigullina, Zarina"]
[Result "1/2-1/2"]
[WhiteElo "2316"]
[BlackElo "2302"]
[Annotator "NA"]
[PlyCount "81"]
[EventDate "2020.11.19"]
[EventType "team-tourn"]
[EventCountry "RUS"]
[SourceTitle "playchess.com"]
[Source "ChessBase"]
[SourceQuality "1"]
[TimeControl "40/5400+30:1800+30"]

1. d4 {[%emt 0:00:00]} Nf6 {[%emt 0:00:00]} 2. Nf3 {[%emt 0:00:00]} e6 {[%emt 0:00:00]} 3. c4 {[%emt 0:00:00]} b6 {[%emt 0:00:00]} 4. g3 {[%emt 0:00:00]} Bb7 {[%emt 0:00:00]} 5. Bg2 {[%emt 0:00:00]} Bb4+ {[%emt 0:00:10]} 6. Bd2 {[%emt 0:00:40]} a5 {[%emt 0:00:06]} 7. O-O {[%emt 0:00:23]} O-O {[%emt 0:00:05]} 8. Bf4 {[%emt 0:01:32]} Be7 {[%emt 0:00:07]} 9. Nc3 {[%emt 0:00:33]} Ne4 {[%emt 0:01:04]} 10. Qc2 {[%emt 0:00:17]} Nxc3 {[%emt 0:00:16]} 11. Qxc3 {[%emt 0:00:05]} d6 {[%emt 0:00:12]} 12. Rad1 {[%emt 0:02:03]} Nd7 {[%emt 0:04:13]} 13. Rfe1 {[%emt 0:05:48]} Nf6 {[%emt 0:09:37]} 14. Qc2 {[%emt 0:01:01]} Be4 {[%emt 0:00:29]} 15. Qc1 {[%emt 0:00:41]} Qb8 {[%emt 0:01:58]} 16. Nd2 {[%emt 0:07:51]} Bxg2 {[%emt 0:00:23]} 17. Kxg2 {[%emt 0:00:02]} Nh5 {[%emt 0:12:21]} 18. Be3 {[%emt 0:01:59]} c5 {[%emt 0:10:44]} 19. dxc5 {[%emt 0:04:59]} bxc5 {[%emt 0:00:45]} 20. Ne4 {[%emt 0:00:53]} Qb7 {[%emt 0:09:24]} 21. f3 {[%emt 0:00:15]} Ra6 {[%emt 0:00:31]} 22. Rd3 {[%emt 0:05:28]} f5 {[%emt 0:05:24]} 23. Nc3 {[%emt 0:01:28]} Nf6 {[%emt 0:02:42]} 24. Red1 {[%emt 0:06:34]} Ng4 {[%emt 0:04:14]} 25. Bxc5 {[%emt 0:03:28]} Ne5 {[%emt 0:15:13]} 26. Rxd6 {[%emt 0:00:47]} Bxd6 {[%emt 0:00:18]} 27. Bxd6 {[%emt 0:00:05]} Rxd6 {[%emt 0:00:06]} 28. Rxd6 {[%emt 0:00:05]} Nxc4 {[%emt 0:00:04]} 29. Rd4 {[%emt 0:09:15]} Qxb2 $11 {[%emt 0:03:32]} 30. Qxb2 {[%emt 0:00:13]} Nxb2 {[%emt 0:00:05]} 31. Rd6 {[%emt 0:02:08]} Rc8 {[%emt 0:05:18]} 32. Nb5 {[%emt 0:01:04]} e5 {[%emt 0:00:44]} 33. Rd7 {[%emt 0:04:15]} Rc2 {[%emt 0:04:36]} 34. Nd6 {[%emt 0:04:06]} g6 {[%emt 0:00:47]} 35. Kf2 {[%emt 0:02:29]} Nd3+ {[%emt 0:03:16]} 36. Kf1 {[%emt 0:06:55]} Nc1 {[%emt 0:00:15]} 37. Ne8 {[%emt 0:05:30]} Nxe2 {[%emt 0:04:31]} 38. Nf6+ {[%emt 0:00:08]} Kf8 {[%emt 0:00:11]} 39. Nxh7+ {[%emt 0:00:06]} Kg8 {[%emt 0:00:09]} 40. Nf6+ {[%emt 0:00:00]} Kf8 {[%emt 0:00:00]} 41. Nh7+ {[%emt 0:00:35]} 1/2-1/2

[Event "XXVII RUS-chT Women 2020"]
[Site "Sochi"]
[Date "2020.11.22"]
[Round "4.14"]
[White "Yakimova, Mariya"]
[Black "Semenova, Elena"]
[Result "1-0"]
[WhiteElo "2244"]
[BlackElo "2299"]
[Annotator "RC"]
[PlyCount "57"]
[EventDate "2020.11.19"]
[EventType "team-tourn"]
[EventCountry "RUS"]
[SourceTitle "playchess.com"]
[Source "ChessBase"]
[SourceQuality "1"]
[TimeControl "40/5400+30:1800+30"]

1. d4 {[%emt 0:00:00]} d5 {[%emt 0:00:00]} 2. Nf3 {[%emt 0:00:00]} c6 {[%emt 0:00:13]} 3. g3 {[%emt 0:00:00]} e6 {[%emt 0:00:21]} 4. Bg2 {[%emt 0:00:00]} Nf6 {[%emt 0:04:04]} 5. O-O {[%emt 0:00:15]} Nbd7 {[%emt 0:02:12]} 6. c4 {[%emt 0:00:33]} dxc4 {[%emt 0:01:01]} 7. Nc3 {[%emt 0:00:07]} b5 {[%emt 0:03:59]} 8. e4 {[%emt 0:00:06]} Bb7 {[%emt 0:00:51]} 9. e5 {[%emt 0:00:05]} Nd5 {[%emt 0:00:18]} 10. Ng5 {[%emt 0:00:04]} Be7 {[%emt 0:03:01]} 11. Qh5 {[%emt 0:00:17]} g6 {[%emt 0:04:36]} 12. Qh6 {[%emt 0:00:08]} Bf8 {[%emt 0:00:25]} 13. Qh3 {[%emt 0:00:06]} Be7 {[%emt 0:03:18]} 14. Nce4 {[%emt 0:00:35]} Qb6 {[%emt 0:25:35]} 15. Nd6+ {[%emt 0:06:42]} Bxd6 {[%emt 0:00:32]} 16. exd6 {[%emt 0:00:06]} Qxd4 {[%emt 0:13:07]} 17. Nxe6 {[%emt 0:05:08]} fxe6 {[%emt 0:00:37]} 18. Qxe6+ {[%emt 0:00:17]} Kd8 {[%emt 0:00:41]} 19. Bg5+ {[%emt 0:00:24]} Kc8 {[%emt 0:00:12]} 20. Rfe1 {[%emt 0:07:33]} N5f6 {[%emt 0:14:42]} 21. Bh3 {[%emt 0:02:04]} Kb8 {[%emt 0:02:07]} 22. Rad1 {[%emt 0:01:15]} Qxb2 {[%emt 0:02:50]} 23. Re2 {[%emt 0:01:25]} Qc3 {[%emt 0:01:02]} 24. Bxf6 {[%emt 0:06:04]} Nxf6 {[%emt 0:04:03]} 25. Qf7 {[%emt 0:02:09]} Qa5 {[%emt 0:09:34]} 26. Re7 {[%emt 0:06:12]} Qb6 {[%emt 0:01:01]} 27. Qxf6 {[%emt 0:00:12]} Qd8 {[%emt 0:02:24]} 28. Qf7 {[%emt 0:04:21]} Qb6 {[%emt 0:00:37]} 29. Re8+ {[%emt 0:00:20]} 1-0

[Event "XXVII RUS-chT Women 2020"]
[Site "Sochi"]
[Date "2020.11.22"]
[Round "4.15"]
[White "Vasilevich, Irina"]
[Black "Nasyrova, Ekaterina"]
[Result "1/2-1/2"]
[WhiteElo "2258"]
[BlackElo "2261"]
[Annotator "TA"]
[PlyCount "140"]
[EventDate "2020.11.19"]
[EventType "team-tourn"]
[EventCountry "RUS"]
[SourceTitle "playchess.com"]
[Source "ChessBase"]
[SourceQuality "1"]

{[%evp 11,140,13,25,24,24,12,8,8,6,2,25,-23,14,-78,-70,-84,-76,-60,-6,-42,-45,-55,-46,-35,-37,-65,0,0,15,8,25,0,62,63,55,19,60,75,92,13,10,0,28,31,75,73,410,429,416,436,414,423,389,241,242,250,230,228,295,305,283,295,284,229,241,241,227,193,197,87,87,88,214,200,227,225,203,203,190,190,218,181,4137,4137,4137,4137,2318,1504,4137,4137,4137,4137,4137,4129,4129,2063,4116,755,639,352,325,347,331,265,380,355,363,338,231,224,224,224,224,224,224,202,195,195,168,8,8,8,8,8,8,8,8,8,8,8,8]} 1. e4 e5 2. Nf3 Nc6 3. Bc4 Bc5 4. O-O Nf6 5. d3 O-O 6. c3 Bb6 7. a4 {C54: Giuoco Piano: 4 c3 Nf6, main lines with 5 d4 and 5 d3.} d6 8. h3 a5 9. Re1 Ne7 {[#]} 10. Bg5 $146 ({Predecessor:} 10. d4 Ng6 11. Bd3 c6 12. Be3 h6 13. Nbd2 Be6 14. Qc2 Bc7 15. Rad1 Qe7 16. c4 {0-1 (53) Vachier Lagrave,M (2789)-Alekseev,E (2616) Riadh 2017}) 10... Ng6 11. d4 h6 12. Nh4 (12. Be3 $11 {remains equal.}) 12... Kh7 $17 13. Nxg6 fxg6 14. Bh4 Qe8 ({Better is} 14... g5 $15 15. Bg3 g4 16. hxg4 (16. dxe5 $2 Nh5 $19) 16... Nxg4) 15. Bxf6 Rxf6 16. Na3 Qf8 17. Qd2 Rf4 18. Bb3 g5 (18... exd4 $15 19. cxd4 Qf6) 19. Nc4 $11 Ba7 20. Ne3 (20. Nxa5 c5 $17) 20... c6 21. Rad1 g6 (21... Kh8 $11) 22. dxe5 $14 dxe5 23. Qd6 Qxd6 24. Rxd6 Bb6 25. g3 (25. Red1 $16) 25... Rf8 $11 26. Kg2 Bc7 27. Rd3 Kg7 28. Red1 Kf6 $2 {[%mdl 8192] [#]} (28... Bb6 $16 {is tougher.}) 29. Rd7 $1 $18 {[%mdl 512]} Bxd7 30. Rxd7 {[%cal Re3g4]} h5 31. Rxc7 Rac8 32. Rxc8 Rxc8 33. Nc4 Ra8 34. Nb6 Rd8 35. Kf3 h4 36. gxh4 gxh4 37. Nc4 b5 38. Nxa5 Rd2 39. axb5 ({But not} 39. Nxc6 $6 Rxb2 40. Bd1 (40. axb5 Rxb3 {[%mdl 64] Double Attack} 41. Kg4 Rxb5 $15) 40... bxa4) 39... cxb5 40. Bd5 (40. c4 $1 $18 {[%cal Rc4b5]} b4 41. c5 Rxb2 42. Bd5) 40... Rxb2 $16 41. c4 $1 b4 (41... Ra2 $16 42. Nc6 (42. cxb5 Rxa5 43. b6 Ra4 $11) 42... bxc4) 42. c5 $18 Rc2 43. c6 Ke7 44. Kg4 $1 Rxf2 45. Kxh4 Rg2 46. Nc4 b3 $2 (46... g5+ 47. Kh5 Rg3) 47. c7 Kd7 48. Nxe5+ {[%mdl 64] Discovered Attack} Kxc7 49. Bxb3 Kd6 50. Ng4 Ke7 51. Bd5 Kf8 52. Kg5 Kg7 53. Kf4 (53. e5 $142 Re2 54. Bc6) 53... Rd2 54. Be6 (54. Ke5 $142 Rd3 55. Kd6) 54... Rd3 55. Ne3 Kf6 56. Bd5 $1 g5+ 57. Kf3 Ke5 (57... Ra3 {was called for.} 58. Ke2 Rc3) 58. Ke2 Rc3 59. Kd2 Rc7 60. Kd3 $1 Rh7 61. Nc4+ {Cut Off at move 61} Kf6 62. e5+ Ke7 63. Bg2 Ke6 {[#]} 64. Kd4 $1 {Strongly threatening Bf3.} Rh4+ {[#]} 65. Kc5 $2 (65. Be4 $1 $18) 65... Rxc4+ $11 {The position is equal.} 66. Kxc4 Kxe5 67. Bb7 Kf6 68. Kd4 {Black must now prevent Bh1.} Kg7 69. Ke5 {Threatens to win with Bg2.} Kh8 70. Kf6 {Hoping for Kg6.} Kg8 {Black defended with fortune.  Weighted Error Value: White=0.23/Black=0.34} 1/2-1/2

[Event "XXVII RUS-chT Women 2020"]
[Site "Sochi"]
[Date "2020.11.22"]
[Round "4.16"]
[White "Artemyeva, Olga"]
[Black "Stroganova, Karina"]
[Result "1/2-1/2"]
[WhiteElo "2069"]
[BlackElo "1826"]
[Annotator "TA"]
[PlyCount "34"]
[EventDate "2020.11.19"]
[EventType "team-tourn"]
[EventCountry "RUS"]
[SourceTitle "playchess.com"]
[Source "ChessBase"]
[SourceQuality "1"]

{[%evp 10,34,59,37,53,40,38,29,106,29,71,74,59,47,59,55,76,0,0,0,0,0,0,0,0,0,0]} 1. e4 d5 2. exd5 Qxd5 3. Nc3 Qd6 4. d4 Nf6 5. Nf3 c6 6. Ne5 Nbd7 {B01: Scandinavian Defence.} 7. Bf4 Nxe5 8. dxe5 Qb4 {[#]White has an edge.} 9. Qd2 (9. Bd2 $1 $16) 9... Ne4 10. Nxe4 $40 {[%mdl 128] White has strong attack.} Qxe4+ 11. Be2 Qxg2 12. O-O-O {[%csl Gd1][%cal Rd2d8]} Be6 {[#]} 13. Bc4 $146 (13. f3 $16) ({Predecessor:} 13. f3 g6 14. h4 Qf2 15. Be3 Qg3 16. Rdg1 Qxe5 17. Bd4 Qd5 18. c4 Qh5 19. f4 Qf5 20. Bg4 {1-0 (20) February,J (1874)-Caxita,E (1865) Tarvisio 2017}) 13... Qh3 $11 {The position is equal.} 14. Bf1 Qf3 15. Bc4 Qh3 16. Bf1 Qf3 17. Bc4 Qh3 {Weighted Error Value: White=0.24/Black=0.07} 1/2-1/2

[Event "XXVII RUS-chT Women 2020"]
[Site "Sochi"]
[Date "2020.11.22"]
[Round "4.17"]
[White "Goltseva, Ekaterina"]
[Black "Getman, Tatyana"]
[Result "1-0"]
[WhiteElo "2306"]
[BlackElo "2303"]
[Annotator "NA"]
[PlyCount "79"]
[EventDate "2020.11.19"]
[EventType "team-tourn"]
[EventCountry "RUS"]
[SourceTitle "playchess.com"]
[Source "ChessBase"]
[SourceQuality "1"]
[TimeControl "40/5400+30:1800+30"]

1. d4 {[%emt 0:00:00]} Nf6 {[%emt 0:00:00]} 2. c4 {[%emt 0:00:00]} e6 {[%emt 0:00:00]} 3. Nf3 {[%emt 0:00:00]} d5 {[%emt 0:00:00]} 4. Nc3 {[%emt 0:00:00]} Bb4 {[%emt 0:00:00]} 5. g3 {[%emt 0:00:00]} O-O {[%emt 0:00:26]} 6. Bg2 {[%emt 0:00:17]} b6 {[%emt 0:00:37]} 7. O-O {[%emt 0:04:27]} Bb7 {[%emt 0:02:16]} 8. Ne5 {[%emt 0:04:07]} Nbd7 {[%emt 0:01:25]} 9. Qa4 {[%emt 0:14:07]} Nxe5 {[%emt 0:11:22]} 10. dxe5 {[%emt 0:00:32]} Bxc3 {[%emt 0:00:04]} 11. bxc3 {[%emt 0:00:14]} Nd7 {[%emt 0:03:15]} 12. Ba3 {[%emt 0:06:54]} Re8 {[%emt 0:00:51]} 13. f4 {[%emt 0:03:58]} f6 {[%emt 0:02:10]} 14. cxd5 {[%emt 0:06:34]} exd5 {[%emt 0:01:27]} 15. Rad1 {[%emt 0:01:52]} c6 {[%emt 0:01:44]} 16. e4 {[%emt 0:04:19]} fxe5 {[%emt 0:01:46]} 17. exd5 {[%emt 0:00:54]} c5 {[%emt 0:00:06]} (17... b5 $16 18. Qb3 Qb6+ 19. Rf2 Kh8) 18. c4 {[%emt 0:15:12]} exf4 {[%emt 0:03:52]} 19. Rxf4 {[%emt 0:02:51]} Rf8 {[%emt 0:05:46]} 20. Rxf8+ {[%emt 0:10:06]} Nxf8 {[%emt 0:00:06]} 21. Qb3 {[%emt 0:01:03]} Qd7 {[%emt 0:04:08]} 22. Bb2 $16 {[%emt 0:00:42]} Re8 {[%emt 0:03:30]} 23. Qc3 {[%emt 0:01:22]} Re7 {[%emt 0:00:40]} 24. Re1 {[%emt 0:07:29]} Rxe1+ {[%emt 0:01:34]} 25. Qxe1 {[%emt 0:00:03]} Qg4 {[%emt 0:07:00]} 26. Qe5 {[%emt 0:01:14]} Ba6 {[%emt 0:01:29]} 27. Bf3 {[%emt 0:06:03]} Qg6 {[%emt 0:01:17]} 28. Be2 {[%emt 0:04:22]} Nd7 {[%emt 0:01:51]} 29. Qc3 {[%emt 0:03:25]} Nf6 {[%emt 0:01:32]} 30. Bd3 {[%emt 0:00:27]} Qg4 {[%emt 0:01:07]} 31. Qe1 {[%emt 0:00:46]} Bxc4 {[%emt 0:05:04]} 32. h3 {[%emt 0:00:40]} Qxh3 {[%emt 0:02:02]} 33. Bxf6 {[%emt 0:00:35]} gxf6 {[%emt 0:00:41]} 34. Bxc4 {[%emt 0:00:07]} Kf8 {[%emt 0:00:06]} 35. d6 {[%emt 0:00:36]} Qd7 {[%emt 0:02:52]} 36. Qd2 {[%emt 0:00:14]} b5 {[%emt 0:00:24]} 37. Bxb5 {[%emt 0:00:34]} Qh3 {[%emt 0:00:59]} 38. Qe3 {[%emt 0:00:23]} Qg4 {[%emt 0:00:37]} 39. Be2 {[%emt 0:01:47]} Qd7 {[%emt 0:00:11]} 40. Qh6+ {[%emt 0:00:00]} 1-0